Quizzes
Events
Quiz Creation
Community
Videos
Private Events
Remove Ads
Sign In
Join for FREE
Feedback
Dark Mode
Quiz Categories
Sports
Geography
Music
Movies
Television
Just For Fun
Miscellaneous
History
Literature
Language
Science
Gaming
Entertainment
Religion
Holiday
For Kids
Quiz Lab
Recent
Popular Today
Quiz Kudos Today
Editor Picks
Curator Picks
Quizzes by...
Day
Popularity
Type
Ratings
Length
Year
Community
Subscriptions
Recent Discussions
Orange Saloon
Badges
Playlists
Quests
Create
Leaderboards
Showdown
Live 5
Trivia Bingo
Activity
Puzzle Library
Sporcle Events
Private Events
Virtual Trivia
Globe League
Become a Host
Pub Owners
SporcleCon
Opinionation
Our Games
Videos
Blog
Mobile Apps
Partnerships
Remove Ads and Go Orange
Feedback
Sports
Athletes
MLB
NBA
NHL
NFL
Soccer
Sports Teams
WWE
NCAA
Football
Premier League
Basketball
Baseball
Hockey
Golf
Tennis
Cricket
Rugby
Auto Racing
Olympics
World Cup
Sports
Athletes
MLB
NBA
NHL
NFL
Soccer
Sports Teams
WWE
NCAA
Football
Premier League
Basketball
Baseball
Hockey
Golf
Tennis
Cricket
Rugby
Auto Racing
Olympics
World Cup
Random Quiz
Search Sporcle
×
Quiz Lab
Quiz Lab
Sports
Type in answers that appear in a list
Type in answers that appear in a list
Classic
Best Score? Go Orange.
Identify the NFL Team Stats
Can you name the NFL Team from one of their backup running backs?
By
billz692
4m
32 Questions
454 Plays
454 Plays
454 Plays
Comments
Comments
Give Quiz Kudos
Give Quiz Kudos
-
- Ratings
hide this ad
Forced Order
Answers have to be entered in order
Answers have to be entered in order
Random Order
Randomize order of answers
Randomize order of answers
Replay
Link that replays current quiz
Next Quiz
Link to next quiz in quiz playlist
You Got
0%
They Got
Avg Score
58%
Avg Friend Score
Upgrade to see
Score Distribution
Jump to the score distribution portion of the page
Score
0/32
Timer
04:00
0
Plays Today
Player
Team
% Correct
Darren Sproles
San Diego Chargers
89.6%
Marshawn Lynch
Buffalo Bills
88.3%
Tim Hightower
Arizona Cardinals
87%
Willis McGahee
Baltimore Ravens
85.9%
Kevin Smith
Detroit Lions
81.7%
Tashard Choice
Dallas Cowboys
78.4%
Donald Brown
Indianapolis Colts
74%
Sammy Morris
New England Patriots
72.7%
Derrick Ward
Tampa Bay Buccaneers
72.2%
Thomas Jones
Kansas City Chiefs
69.8%
Correll Buckhalter
Denver Broncos
68.1%
Toby Gerhart
Minnesota Vikings
66.3%
Anthony Dixon
San Francisco 49ers
64.8%
Chester Taylor
Chicago Bears
63.4%
Willie Parker
Washington Redskins
62.3%
Brandon Jackson
Green Bay Packers
60.6%
Player
Team
% Correct
Jason Snelling
Atlanta Falcons
60.6%
Leon Washington
Seattle Seahawks
59.7%
Bernard Scott
Cincinnati Bengals
54.2%
Joe McKnight
New York Jets
52.6%
Ben Tate
Houston Texans
47.8%
Montario Hardesty
Cleveland Browns
46.9%
Patrick Cobbs
Miami Dolphins
43%
Javon Ringer
Tennessee Titans
42.5%
Danny Ware
New York Giants
41.9%
Mike Bell
Philadelphia Eagles
40.5%
Rashad Jennings
Jacksonville Jaguars
39.2%
Jonathan Dwyer
Pittsburgh Steelers
35.7%
Michael Bennett
Oakland Raiders
34.6%
Lynell Hamilton
New Orleans Saints
33.9%
Mike Goodson
Carolina Panthers
33.9%
Kenneth Darby
St. Louis Rams
33%
Quiz Playlist
Details
Report
Send in Message
Add To Playlist
Classic:
Type in answers that appear in a list
Forced Order:
Answers have to be entered in order
Random Order:
Randomize order of answers
Last Updated: Feb 16, 2017
Quiz Scoreboard
CHALLENGE
Sign Up to Join the Scoreboard
Show All
Scores
Hide
Comments
May contain spoilers
Recently Published
Presidents Visiting Landmarks
by Hejman
History
7m
An Introduction to Baseball
by treessimontrees
Sports
5m
Movies - When Are They Set?
by FPL_Elf
Movies
5m
More to Explore
Quiz From the Vault
Featured Blog Post
Where Did the Easter Bunny Come From?
hide this ad
You Might Also Like...
Tags
This quiz does not have any tags.
Today's Top Quizzes in Sports
Browse Sports
hide this ad
Top Contributed Quizzes in Sports
1
Les meilleurs buteurs des matchs entre le PSG et l’OM
2
2022 World Cup Stars
3
FIFA Club World Cup Champions
4
Les entraîneurs de l'OM et du PSG au 21e siècle
5
Name the Premier League winners with different clubs
6
La finale Lions - Afrique du Sud 2021
7
England Test cricketers to play under Nasser Hussain
8
5-to-1: UK Sports Teams
9
Les joueurs passés par le LOSC et le RC Lens
10
Criteria MLB: Left Handed Sluggers
Explore More
Trending Topics
Kpop
NBA
Crossword
Anime
Disney
Marvel
Harry Potter
WWE
Pokémon
Puzzle
NFL
Country
Soccer
Song
The Office
hide this ad
More By:
billz692
Quiz
Plays
Rating
Category
Featured
Created
Identify the NFL Team
630
5.00
Sports
Dec 5, 2009
Identify the NFL Team
454
3.00
Sports
Aug 13, 2010
Identify the NFL Team
451
4.50
Sports
Aug 15, 2010
Go to Creator's Profile
Score Distribution
Quiz Creator Spotlight
billz692
Follow
Send a Message
Quizzes Created
-
Created Quiz Play Count
-
More By This Creator
Popular Quizzes Today
1
Find the Countries of Europe - No Outlines Minefield
2
Find the US States - No Outlines Minefield
3
The Countries of the World
4
Popular People in 1961
5
Find the US States
6
US States
7
Risky Map Clicking: Biggest States A-Z
8
1-10 Letter E Words III
More Sports Quizzes
English Football Grounds 2023/24
Quiz Lab
Trending Quizzes
Risky Map Clicking: Least Populous States A-Z
1-10 Letter F Words
1-10 Letter G Words
One Thing in Common: United Kingdom
Risky Map Clicking: Next State Alphabetically
Recently Updated
Leaping Animals
pecheneg
Reality TV Shows (A-Z)
bhenderson79
Rickey Henderson's Hall of Fame Teammates
pecheneg
Champions League XIs: Arsenal
pecheneg
Quick Pick: Celebrities in WWE's Hall of Fame
aduchscher
A-Z Keypad Blitz II
pecheneg
Multiple Oscar Actors
pecheneg
Mystery Phrase Blitz: Oscar 'Best Actors'
pecheneg
F. Scott Fitzgerald Novels
LTH
Pick 3 Villains
ddd62291
Trending Topics
Disney
Crossword
Harry Potter
Anime
Marvel
Kpop
NBA
WWE
NFL
Country
Puzzle
Pokémon
Song
Soccer
The Office
Your Account Isn't Verified!
In order to create a playlist on Sporcle, you need to verify the email address you used during registration. Go to your
Sporcle Settings
to finish the process.
Report this User
Report this user for behavior that violates our
Community Guidelines
.
Details:
Send Report
Go to the Sporcle.com Mobile Site →
Comments